Obálka Náhled e-knihy:
PDF
Pro půjčování e-knih musíte být přihlášeni.
Jak si půjčit online?

Deník malého Minecrafťáka : komiks. 5, Nezapomenutelná hostina /

Dobrodružná komiksová výprava světem Minecraftu.

Uloženo v:
Série:Deník malého Minecrafťáka (komiks), část 5
Hlavní autor: Piratesourcil, 1985- (Autor)
Další autoři: Jez, 1985- (Autor), Odone, Joël (Ilustrátor), Herodek, Martin (Kolorista), Cube Kid (spisovatel), 1983- (Překladatel)
Médium: E-kniha
Jazyk:Czech
Vydáno: V Brně : Computer Press, 2022
Vydání:1. vydání
Témata:
Příbuzné jednotky:Název francouzské verze:: Journal d'un Noob
Z cyklu:: Deník malého Minecrafťáka (komiks)
Tagy:
Žádné tagy
LEADER 03064nam a2200637 i 4500
001 311659
003 CZ PrSKC
005 20260601215709.0
007 ta
008 220916s2022 xr a c 6 000 1 cze
015 |a cnb003449150 
020 |a 9788025150719  |q (brožováno) :  |c Kč 199,00 
035 |a (OCoLC)1354195416 
040 |a ABG001  |b cze  |e rda 
041 1 |a cze  |h fre 
072 7 |a 741.52  |x Komiksy. Komiksové adaptace  |2 Konspekt 
072 7 |a 821-93  |x Literatura pro děti a mládež (beletrie)  |2 Konspekt 
080 |a 741.52(0:82-321.5)  |2 MRF 
080 |a 741.52(0.046.6)  |2 MRF 
080 |a 821.111(73)-32  |2 MRF 
080 |a 821-93  |2 MRF 
100 0 |a Piratesourcil,  |d 1985-  |7 xx0244478  |4 aut 
245 1 0 |a Deník malého Minecrafťáka :  |b komiks.  |n 5,  |p Nezapomenutelná hostina /  |c Cube Kid, Pirate Sourcil, Jez, Odone ; překlad: Martin Herodek 
246 3 0 |a Nezapomenutelná hostina 
250 |a 1. vydání 
264 1 |a V Brně :  |b Computer Press,  |c 2022 
300 |a 47 stran :  |b barevné ilustrace ;  |c 30 cm 
336 |a text  |b txt  |2 rdacontent 
336 |a statický obraz  |b sti  |2 rdacontent 
337 |a bez média  |b n  |2 rdamedia 
338 |a svazek  |b nc  |2 rdacarrier 
500 |a Přeloženo z francouzštiny 
500 |a Autor původního díla: Cube Kid, scénář: Pirate Sourcil, ilustrace: Jez, barvy: Odone 
500 |a Na obálce uvedena původní nakladatelství: 404 éditions, Jungle 
520 2 |a Dobrodružná komiksová výprava světem Minecraftu.  |b Zmizení Albérica naše hrdiny zasáhlo. Naštěstí na ně u východu z portálu čekají vesničané, aby jim blahopřáli, a na jejich počest naplánovali velkolepou hostinu. Pěkné gesto, možná ale skrývá něco dalšího. Nakladatelská anotace. 
521 8 |a Pro čtenáře od 8 let 
655 7 |a humoristické komiksy  |7 fd1057480  |2 czenas 
655 7 |a komiksové adaptace  |7 fd1057342  |2 czenas 
655 7 |a americké příběhy  |7 fd131795  |2 czenas 
655 7 |a publikace pro děti  |7 fd133156  |2 czenas 
655 9 |a humorous comics  |2 eczenas 
655 9 |a comics adaptations  |2 eczenas 
655 9 |a American stories  |2 eczenas 
655 9 |a children's literature  |2 eczenas 
700 0 |a Jez,  |d 1985-  |7 xx0244473  |4 ill 
700 1 |a Odone, Joël  |7 xx0252170  |4 clr 
700 1 |a Herodek, Martin  |7 xx0150252  |4 trl 
700 0 |i Adaptace díla:  |a Cube Kid  |c (spisovatel),  |d 1983-  |t Diary of a wimpy villager 
765 0 8 |i Název francouzské verze:  |t Journal d'un Noob 
787 0 8 |i Z cyklu:  |t Deník malého Minecrafťáka (komiks)  |g 5 
900 |a ABA001  |b 20 
928 9 |a Albatros Media - Computer Press 
044 |a xr 
910 |a RBIT002 
998 |d 359656  |a https://core.palmknihy.cz/api/books/359656/cover?sic027  |b https://core.palmknihy.cz/api/books/359656/cover/400?sic027  |c https://core.palmknihy.cz/api/books/359656/cover/50?sic027  |e 2027-02-28  |g 48  |i 9788025150719  |k https://core.palmknihy.cz/api/books/359656/preview.pdf  |l   |q 49  |r 1  |s https://www.palmknihy.cz/kniha/359656  |t ebook  |y 2022  |z 0  |v Deník malého Minecrafťáka: komiks  |w 5 
999 |d 311657